HD:R | Ring 2 - Covet Enemies - Statistics

General Stats
  • This quiz has been taken 16 times
  • The average score is 47 of 70
Answer Stats
Hint Answer % Correct
Wave 5 Elite Exploiter
100%
Wave 4 Exploiter
100%
Wave 901 Noob
100%
Wave 3 Slamo Fanboy
100%
Wave 10 Truss-Armored Coiler
100%
Wave 12 Truss-Armored Fanboy
100%
Wave 6 Truss-Armored Noob
100%
Wave 1 Alternative Noob
86%
Wave 15 Backdoor
86%
Wave 2 Coiler I
86%
Wave 4 Coiler II
86%
Wave 5 Coiler III
86%
Wave 10 Giant Slamo Fanboy
86%
Wave 11 Heavenly Coiler
86%
Wave 13 Heavily Desired Noob
86%
Wave 22 Killbrick Noob
86%
Wave 907 Manic Noob
86%
Wave 906 Manic Specimen
86%
Wave 907 Manic Tank
86%
Wave 908 Manic ToDC
86%
Wave 8 Moonlit Noob
86%
Wave 11 Synapse A
86%
Wave 11 Synapse B
86%
Wave 5 Wind-Up Noob
86%
Wave 8 Advanced Noob
71%
Wave 3 Beginner Noob
71%
Wave 14 Crystallized
71%
Wave 6 Elite Obbyist
71%
Wave 906 Enhanced Exploiter
71%
Wave 14 Fragment
71%
Wave 17 Holographic Noob
71%
Wave 17 Insanity Inducing Noob
71%
Wave 4 Intermediate Noob
71%
Wave 19 Janissary Noob
71%
Wave 13 JJSploit
71%
Wave 907 Manic Runner
71%
Wave 5 Noob Golem
71%
Wave 15 Ore
71%
Wave 9 Psychologically Unsafe Noob
71%
Wave 8 Script Kiddie
71%
Wave 19 Shopkeeper
71%
Wave 17 Speed Pad Noob
71%
Wave 3 Stone Coiler
71%
Wave 12 Titan Fanboy
71%
Wave 906 Enhanced Elite Exploiter
57%
Wave 906 Enhanced Noob
57%
Wave 906 Mentally Traumatizing Noob
57%
Wave 907 Teleporter Noob
57%
Wave 906 Trail Mix Noob
57%
Wave 25 ULTRAEP1CN0OBBL0XX3R30000
57%
Wave 16 Vindicated Exploiter
57%
Wave 5 VM Mosquito
57%
Wave 906 Anti-Cheat
43%
Wave 906 Builder
43%
Wave 907 Contributor
43%
Wave 23 Cosmic Noob
43%
Wave 907 Crawler Noob
43%
Wave 907 Decompiler
43%
Wave 907 DLL Injector
43%
Wave 906 Enhanced Mosquito
43%
Wave 905 Forcefield Noob
43%
Wave 905 Killbrick Rusher
43%
Wave 906 KRNL
43%
Wave 905 Top Obbyist
43%
Wave 15 Turret Noob
43%
Wave 9 Alternative Wind-Up Noob
29%
Wave 906 Enhanced Coiler I
29%
Wave 905 Enhanced Coiler II
29%
Wave 906 Enhanced Coiler III
29%
Wave 907 Enhanced Wind-Up Noob
14%
No matching quizzes found
Score Distribution
Percent of People with Each Score
Percentile by Number Answered
Your Score History
You have not taken this quiz